| 000 | 00663nam a22002057a 4500 | ||
|---|---|---|---|
| 999 |
_c12356 _d12356 |
||
| 003 | AR-CdUCM | ||
| 008 | 190408b ||||| |||| 00| 0 spa d | ||
| 040 |
_aMUNICIPALIDAD PROVINCIAL DEL CUSCO _cBIBLIOTECA MUNICIPAL DEL CUSCO |
||
| 082 |
_aC / 985.61 / _bC96 / 1986 |
||
| 110 |
_aMunicipalidad del Cusco _9876 |
||
| 245 |
_aCusco... : _bTestimonios / |
||
| 260 |
_aCusco : _c1986. |
||
| 300 |
_a392 páginas ; _bFotografías, _c20 cm. |
||
| 505 | _aContenido: Testimonios -- Documentos. | ||
| 650 |
_aMitos del Cusco _930177 |
||
| 650 |
_aFundación de Cusco _930178 |
||
| 650 |
_aArquitectura inca _924436 |
||
| 942 |
_2ddc _cLIBROS |
||
| 945 |
_adavv _d08/04/2019 |
||